000 00374nam a2200097Ia 4500
008 220216s9999 xx 000 0 und d
100 _aSethuraj M R
245 0 _aLatex flow, plugging index and stimulation of latex flow
260 _bLecture notes for short-term training course on rubber cultivation, processing and estate management. Kottayam, RRII, 1974
_c1974
942 _cJS
999 _c62025
_d62025